[Event "ChessHouse GM December 2020"]
[Site "Aarhus"]
[Date "2020.12.03"]
[Round "6.3"]
[White "Ramsdal, Jens Albert"]
[Black "Georgescu, Lena"]
[Result "1-0"]
[WhiteElo "2292"]
[BlackElo "2278"]
[Annotator "NA"]
[PlyCount "219"]
[EventDate "2020.11.29"]
[EventType "tourn"]
[EventCountry "DEN"]
[SourceTitle "playchess.com"]
[Source "ChessBase"]
[SourceQuality "1"]
[TimeControl "40/5400+30:1800+30"]

1. d4 {[%emt 0:00:00]} Nf6 {[%emt 0:00:00]} 2. c4 {[%emt 0:00:00]} e6 {[%emt 0:00:00]} 3. Nc3 {[%emt 0:00:00]} Bb4 {[%emt 0:00:00]} 4. Qc2 {[%emt 0:00:00]} O-O {[%emt 0:00:00]} 5. Nf3 {[%emt 0:00:00]} c5 {[%emt 0:00:09]} 6. dxc5 {[%emt 0:00:06]} Na6 {[%emt 0:00:04]} 7. g3 {[%emt 0:00:14]} Nxc5 {[%emt 0:00:08]} 8. Bg2 {[%emt 0:00:05]} Nce4 {[%emt 0:00:31]} 9. O-O {[%emt 0:00:13]} Nxc3 {[%emt 0:00:08]} 10. bxc3 {[%emt 0:00:02]} Be7 {[%emt 0:00:11]} 11. e4 {[%emt 0:00:10]} d6 {[%emt 0:00:35]} 12. e5 {[%emt 0:00:13]} dxe5 {[%emt 0:02:23]} 13. Nxe5 {[%emt 0:00:04]} Qc7 {[%emt 0:02:35]} 14. Qe2 {[%emt 0:00:40]} Nd7 {[%emt 0:04:57]} 15. Bf4 {[%emt 0:19:14]} Bd6 {[%emt 0:02:08]} 16. Rfe1 {[%emt 0:02:49]} Bxe5 {[%emt 0:07:14]} 17. Bxe5 {[%emt 0:00:16]} Nxe5 {[%emt 0:00:05]} 18. Qxe5 {[%emt 0:00:05]} Qxc4 {[%emt 0:01:15]} 19. Rad1 {[%emt 0:15:05]} Qxa2 {[%emt 0:10:34]} 20. Re4 {[%emt 0:14:15]} Qa3 {[%emt 0:37:01]} (20... Qb3 $15 21. Bf3 a5) 21. Rg4 {[%emt 0:04:03]} g6 {[%emt 0:01:40]} 22. h4 {[%emt 0:20:21]} Qe7 {[%emt 0:02:43]} 23. Rgd4 {[%emt 0:01:32]} a5 {[%emt 0:03:32]} (23... f6 $5 {[%cal Rf6e5]} 24. Qa5 e5 $17) 24. h5 {[%emt 0:02:15]} f6 {[%emt 0:08:40]} 25. Qb5 {[%emt 0:00:42] [#]} gxh5 $17 {[%emt 0:00:41]} 26. Be4 {[%emt 0:03:39]} f5 {[%emt 0:01:54]} 27. Bc2 {[%emt 0:00:01]} Ra6 {[%emt 0:05:10]} 28. Bb3 {[%emt 0:02:18]} Rc6 {[%emt 0:01:17]} 29. Qxa5 {[%emt 0:02:17]} Qc5 {[%emt 0:02:36]} 30. Qa2 {[%emt 0:00:06]} Qxc3 {[%emt 0:00:37]} 31. Rd8 {[%emt 0:02:08]} Qf6 {[%emt 0:01:46]} 32. Rxf8+ {[%emt 0:00:51]} Qxf8 {[%emt 0:01:32]} 33. Qa5 {[%emt 0:00:36]} Rd6 {[%emt 0:01:45]} 34. Rc1 {[%emt 0:02:13]} Rc6 {[%emt 0:01:31]} 35. Rd1 {[%emt 0:00:57]} Kg7 {[%emt 0:01:21]} 36. Ba4 {[%emt 0:04:26]} Qc5 {[%emt 0:00:42]} 37. Qd8 {[%emt 0:00:42]} Rc7 {[%emt 0:00:27]} 38. Qg5+ {[%emt 0:00:50]} Kf7 {[%emt 0:00:18]} 39. Qxh5+ {[%emt 0:03:03]} Kg7 {[%emt 0:00:28]} 40. Qg5+ {[%emt 0:00:26]} Kf7 {[%emt 0:00:25]} 41. Qh6 {[%emt 0:10:11]} Qf8 {[%emt 0:08:54]} 42. Qxh7+ {[%emt 0:01:25]} Qg7 {[%emt 0:01:54]} 43. Qh5+ {[%emt 0:00:23]} Kf6 {[%emt 0:04:00]} 44. Rd8 {[%emt 0:04:01]} b5 {[%emt 0:03:58]} 45. Bd1 {[%emt 0:06:10]} Rc1 {[%emt 0:01:58]} 46. Kh2 {[%emt 0:00:56]} Rxd1 {[%emt 0:06:22]} 47. Rxd1 {[%emt 0:01:29]} Bb7 {[%emt 0:00:31]} 48. Rd8 {[%emt 0:03:49]} Bd5 {[%emt 0:01:26]} 49. Re8 {[%emt 0:03:03]} Ke5 {[%emt 0:02:10]} 50. Rd8 {[%emt 0:01:04]} Qa7 {[%emt 0:02:18]} 51. f4+ {[%emt 0:01:39]} Ke4 {[%emt 0:02:06]} 52. Qe2+ {[%emt 0:01:25]} Qe3 {[%emt 0:00:02]} 53. Qxb5 {[%emt 0:01:09]} Qf2+ {[%emt 0:00:43]} 54. Kh3 {[%emt 0:00:22]} Qd2 {[%emt 0:00:59]} 55. Rc8 {[%emt 0:01:28]} Ke3 {[%emt 0:00:28]} 56. Qb6+ {[%emt 0:00:15]} Kf3 {[%emt 0:00:32]} 57. Qg1 {[%emt 0:00:15]} Qb2 {[%emt 0:00:32]} 58. Qf1+ {[%emt 0:00:10]} Ke4 {[%emt 0:00:25]} 59. Qg2+ {[%emt 0:01:02]} Qxg2+ {[%emt 0:00:02]} 60. Kxg2 {[%emt 0:00:05]} Ke3+ {[%emt 0:00:08]} 61. Kh2 {[%emt 0:01:11]} Kf3 {[%emt 0:00:20]} 62. Rc7 {[%emt 0:00:06]} Be4 {[%emt 0:00:17]} 63. Kh3 {[%emt 0:00:07]} Bd5 {[%emt 0:00:09]} 64. Kh4 {[%emt 0:00:06]} Be4 {[%emt 0:00:34]} 65. Rc3+ {[%emt 0:00:10]} Kg2 {[%emt 0:00:38]} 66. g4 {[%emt 0:00:13]} fxg4 {[%emt 0:00:09]} 67. Kxg4 {[%emt 0:00:07]} Bf5+ {[%emt 0:01:00]} 68. Kg5 {[%emt 0:00:06]} Kf2 {[%emt 0:00:25]} 69. Kf6 {[%emt 0:00:06]} Ke2 {[%emt 0:00:45]} 70. Ke5 {[%emt 0:01:23]} Kd2 {[%emt 0:00:36]} 71. Rg3 {[%emt 0:01:01]} Ke2 {[%emt 0:00:15]} 72. Kd4 {[%emt 0:01:52]} Kf2 {[%emt 0:00:11]} 73. Ra3 {[%emt 0:00:16]} Ke2 {[%emt 0:00:13]} 74. Ra5 {[%emt 0:00:14]} Kf3 {[%emt 0:00:32]} 75. Ke5 {[%emt 0:00:10]} Kg3 {[%emt 0:01:24]} 76. Ra3+ {[%emt 0:00:13]} Kg4 {[%emt 0:00:49]} 77. Rc3 {[%emt 0:00:04]} Kh4 {[%emt 0:00:05]} 78. Kd4 {[%emt 0:00:10]} Kg4 {[%emt 0:00:20]} 79. Ke3 {[%emt 0:00:04]} Kg3 {[%emt 0:00:09]} 80. Rc7 {[%emt 0:00:13]} Kg2 {[%emt 0:00:52]} 81. Ra7 {[%emt 0:00:15]} Kg3 {[%emt 0:00:58]} 82. Rg7+ {[%emt 0:00:04]} Kh4 {[%emt 0:00:15]} 83. Rg1 {[%emt 0:02:35]} Kh5 {[%emt 0:00:18]} 84. Kd4 {[%emt 0:01:10]} Kh4 {[%emt 0:01:04]} 85. Ke5 {[%emt 0:00:24]} Bg4 {[%emt 0:00:30]} 86. Ke4 {[%emt 0:01:12]} Kh3 {[%emt 0:00:50]} 87. Ke3 {[%emt 0:00:53]} Kh4 {[%emt 0:00:29]} 88. Kf2 {[%emt 0:00:15]} Kh5 {[%emt 0:00:19]} 89. Kg3 {[%emt 0:00:24]} Bf5 {[%emt 0:00:18]} 90. Rh1+ {[%emt 0:00:09]} Kg6 {[%emt 0:00:04]} 91. Kh4 {[%emt 0:00:08]} Be4 {[%emt 0:00:35]} 92. Ra1 {[%emt 0:00:16]} Kf5 {[%emt 0:00:29]} 93. Kg3 {[%emt 0:00:01]} Bd5 {[%emt 0:00:42]} 94. Ra5 {[%emt 0:00:14]} Kf6 {[%emt 0:00:43]} 95. Kf2 {[%emt 0:01:20]} Bc4 {[%emt 0:00:45]} 96. Rh5 {[%emt 0:00:25]} Bd5 {[%emt 0:00:27]} 97. Ke3 {[%emt 0:00:15]} Bb3 {[%emt 0:00:26]} 98. Rh6+ {[%emt 0:00:54]} Kf5 {[%emt 0:00:15]} 99. Rh8 {[%emt 0:00:04]} Bd5 {[%emt 0:00:17]} 100. Rf8+ {[%emt 0:00:05]} Kg4 {[%emt 0:00:58]} 101. Kd4 {[%emt 0:00:01]} Bb3 {[%emt 0:00:30]} 102. Ke4 {[%emt 0:01:01]} Bc2+ {[%emt 0:00:34]} 103. Ke5 {[%emt 0:00:04]} Bb3 {[%emt 0:00:41]} 104. Rd8 {[%emt 0:01:26]} Ba2 {[%emt 0:00:23]} 105. Rb8 {[%emt 0:01:57]} Kf3 {[%emt 0:00:39]} 106. Rb2 {[%emt 0:00:30]} Bc4 {[%emt 0:00:18]} 107. Rb4 {[%emt 0:00:11]} Ba2 {[%emt 0:00:41]} 108. Ra4 {[%emt 0:00:08]} Bb1 {[%emt 0:00:41]} 109. Kxe6 {[%emt 0:00:19]} Kg4 {[%emt 0:00:12]} 110. f5+ {[%emt 0:00:38]} 1-0

[Event "ChessHouse GM December 2020"]
[Site "Aarhus"]
[Date "2020.12.03"]
[Round "6.4"]
[White "Heimisson, Hilmir Freyr"]
[Black "Nilssen, Ellen Fredericia"]
[Result "1-0"]
[WhiteElo "2318"]
[BlackElo "2174"]
[Annotator "NA"]
[PlyCount "93"]
[EventDate "2020.11.29"]
[EventType "tourn"]
[EventCountry "DEN"]
[SourceTitle "playchess.com"]
[Source "ChessBase"]
[SourceQuality "1"]
[TimeControl "40/5400+30:1800+30"]

1. e4 {[%emt 0:00:00]} e6 {[%emt 0:00:00]} 2. d4 {[%emt 0:00:00]} d5 {[%emt 0:00:00]} 3. Nc3 {[%emt 0:00:00]} Bb4 {[%emt 0:01:00]} 4. e5 {[%emt 0:00:00]} c5 {[%emt 0:00:37]} 5. a3 {[%emt 0:00:07]} Bxc3+ {[%emt 0:00:30]} 6. bxc3 {[%emt 0:00:09]} Qa5 {[%emt 0:00:09]} 7. Bd2 {[%emt 0:00:05]} Qa4 {[%emt 0:00:08]} 8. Qb1 {[%emt 0:00:03]} c4 {[%emt 0:00:08]} 9. Qd1 {[%emt 0:00:04]} Nc6 {[%emt 0:02:54]} 10. Qg4 {[%emt 0:00:13]} g6 {[%emt 0:00:53]} 11. Qd1 {[%emt 0:00:42]} Bd7 {[%emt 0:04:08]} 12. Nf3 {[%emt 0:02:27]} O-O-O {[%emt 0:03:12]} 13. g3 {[%emt 0:05:58]} f6 {[%emt 0:08:55]} 14. h4 {[%emt 0:05:54]} fxe5 {[%emt 0:07:13]} 15. dxe5 {[%emt 0:00:56]} Nge7 {[%emt 0:00:44]} 16. Bg2 {[%emt 0:03:57]} h6 {[%emt 0:10:47]} 17. O-O {[%emt 0:14:36]} Rdf8 {[%emt 0:05:38]} 18. Re1 {[%emt 0:07:07]} Rf5 {[%emt 0:04:28]} 19. Bh3 {[%emt 0:06:41]} Rf7 {[%emt 0:01:09]} 20. Nd4 {[%emt 0:05:01]} Nxd4 {[%emt 0:02:59]} 21. cxd4 {[%emt 0:00:05]} g5 {[%emt 0:00:10]} 22. h5 {[%emt 0:13:01]} Nf5 {[%emt 0:06:04]} 23. Bb4 {[%emt 0:01:24]} Rg8 {[%emt 0:02:26]} 24. Bg4 {[%emt 0:00:32]} Kb8 {[%emt 0:09:36]} 25. Qd2 {[%emt 0:02:10]} c3 {[%emt 0:06:36]} 26. Qd1 {[%emt 0:06:57]} ({White should try} 26. Bxc3 $14 Rc8 27. Rec1) 26... Rc8 {[%emt 0:00:55]} 27. Bxf5 {[%emt 0:01:59]} Rxf5 {[%emt 0:00:10]} 28. Rb1 {[%emt 0:05:53]} Ka8 $11 {[%emt 0:03:39]} 29. Rb3 {[%emt 0:02:40]} g4 {[%emt 0:10:41]} 30. Re3 {[%emt 0:01:32]} Rxh5 {[%emt 0:02:19]} 31. Qxg4 {[%emt 0:04:07]} Rg5 {[%emt 0:02:04]} 32. Qf4 {[%emt 0:00:20]} Rcg8 {[%emt 0:02:05]} 33. Rexc3 {[%emt 0:02:30]} Bc6 {[%emt 0:00:07]} 34. Rf3 {[%emt 0:01:42]} Be8 {[%emt 0:01:45]} 35. Rbc3 {[%emt 0:00:52]} Qd7 {[%emt 0:00:43]} 36. Bd6 {[%emt 0:03:14]} Rf5 {[%emt 0:02:02]} 37. Qe3 {[%emt 0:00:51]} Bg6 {[%emt 0:00:30]} 38. Rc7 {[%emt 0:01:42]} Qb5 {[%emt 0:00:43]} 39. Qc3 {[%emt 0:01:15]} Qe8 {[%emt 0:00:43]} 40. Qb4 {[%emt 0:02:28]} b6 {[%emt 0:00:23]} 41. Rb3 {[%emt 0:09:04]} Rf7 {[%emt 0:04:50]} 42. Be7 {[%emt 0:00:36]} Rxe7 {[%emt 0:08:56]} 43. Rxe7 {[%emt 0:04:27]} Qb8 {[%emt 0:00:10]} 44. Rc3 {[%emt 0:03:20]} Rc8 {[%emt 0:03:58]} 45. Rxc8 {[%emt 0:00:22]} Qxc8 {[%emt 0:00:09]} 46. Qa4 {[%emt 0:00:07]} Qc3 {[%emt 0:00:47]} 47. Qxa7# {[%emt 0:00:11]} 1-0

[Event "ChessHouse GM December 2020"]
[Site "Aarhus"]
[Date "2020.12.03"]
[Round "6.5"]
[White "Grigorian, Spartak"]
[Black "Danielsen, Henrik"]
[Result "1-0"]
[WhiteElo "2433"]
[BlackElo "2517"]
[Annotator "ChessBase"]
[PlyCount "79"]
[EventDate "2020.11.29"]
[EventType "tourn"]
[EventCountry "DEN"]
[SourceTitle "playchess.com"]
[Source "ChessBase"]
[SourceQuality "1"]
[TimeControl "40/5400+30:1800+30"]

1. d4 {[%emt 0:07:36]} f5 {[%emt 0:00:00]} 2. c4 {[%emt 0:00:13]} Nf6 {[%emt 0:00:38]} 3. Nf3 {[%emt 0:00:10]} g6 {[%emt 0:00:27]} 4. g3 {[%emt 0:00:12]} Bg7 {[%emt 0:00:10]} 5. Bg2 {[%emt 0:00:02]} O-O {[%emt 0:00:15]} 6. O-O {[%emt 0:00:02]} d6 {[%emt 0:00:09]} 7. Nc3 {[%emt 0:00:03]} c6 {[%emt 0:00:11]} 8. Rb1 {[%emt 0:00:02]} a5 {[%emt 0:06:36]} 9. Qb3 {[%emt 0:00:07]} Kh8 {[%emt 0:00:29]} 10. Rd1 {[%emt 0:02:43]} Ne4 {[%emt 0:09:10]} 11. Ng5 {[%emt 0:02:15]} Nxc3 {[%emt 0:02:49]} 12. bxc3 {[%emt 0:00:44]} h6 {[%emt 0:03:32]} 13. Nf3 {[%emt 0:02:29]} Qe8 {[%emt 0:01:09]} 14. c5 {[%emt 0:08:28]} dxc5 {[%emt 0:01:14]} 15. Ne5 {[%emt 0:04:49]} cxd4 {[%emt 0:01:32]} 16. cxd4 {[%emt 0:00:16]} Nd7 {[%emt 0:00:49]} 17. a4 {[%emt 0:23:32]} Nf6 {[%emt 0:03:58]} 18. Ba3 {[%emt 0:02:30]} Kh7 {[%emt 0:00:45]} 19. e3 {[%emt 0:01:44]} Ne4 {[%emt 0:05:52]} 20. Nc4 {[%emt 0:04:16]} Be6 {[%emt 0:04:45]} 21. Qc2 {[%emt 0:08:14]} b5 {[%emt 0:01:17]} 22. Nd2 {[%emt 0:01:37]} b4 {[%emt 0:09:06]} 23. Nxe4 {[%emt 0:00:38]} fxe4 {[%emt 0:00:37]} 24. Bb2 {[%emt 0:00:09]} b3 {[%emt 0:07:54]} 25. Qd2 {[%emt 0:10:43]} Bd5 {[%emt 0:00:39]} 26. Bc3 {[%emt 0:00:44]} Qd7 {[%emt 0:01:21]} 27. Bf1 {[%emt 0:04:15]} Ra7 {[%emt 0:05:44]} 28. Rdc1 {[%emt 0:00:35]} Qf5 {[%emt 0:07:22]} 29. Rb2 {[%emt 0:05:04]} Rfa8 {[%emt 0:00:53]} 30. Be2 {[%emt 0:00:58]} e5 {[%emt 0:07:35]} 31. dxe5 {[%emt 0:04:44]} Bxe5 {[%emt 0:00:43]} 32. Bxe5 {[%emt 0:00:14]} Qxe5 {[%emt 0:00:02]} 33. Bc4 {[%emt 0:02:10]} Rb7 {[%emt 0:07:14]} 34. Bxd5 {[%emt 0:01:14]} Qxd5 {[%emt 0:00:35]} 35. Qxd5 {[%emt 0:00:27]} cxd5 {[%emt 0:00:03]} 36. Rc5 {[%emt 0:00:10]} Rd8 {[%emt 0:07:25]} 37. Kg2 {[%emt 0:00:27]} d4 {[%emt 0:00:07]} 38. exd4 {[%emt 0:00:18]} Rxd4 {[%emt 0:00:01]} 39. Rxa5 {[%emt 0:00:23]} Rc4 {[%emt 0:00:13]} 40. Ra8 1-0

[Event "ChessHouse GM December 2020"]
[Site "Aarhus"]
[Date "2020.12.03"]
[Round "7.1"]
[White "Nilssen, Ellen Fredericia"]
[Black "Thybo, Jesper Sondergaard"]
[Result "0-1"]
[WhiteElo "2174"]
[BlackElo "2565"]
[Annotator "ChessBase"]
[PlyCount "66"]
[EventDate "2020.11.29"]
[EventType "tourn"]
[EventCountry "DEN"]
[SourceTitle "playchess.com"]
[Source "ChessBase"]
[SourceQuality "1"]
[TimeControl "40/5400+30:1800+30"]

1. d4 {[%emt 0:00:00]} Nf6 {[%emt 0:00:00]} 2. c4 {[%emt 0:00:22]} g6 {[%emt 0:00:00]} 3. Nc3 {[%emt 0:01:51]} d5 {[%emt 0:00:31]} 4. cxd5 {[%emt 0:00:29]} Nxd5 {[%emt 0:00:02]} 5. e4 {[%emt 0:00:40]} Nxc3 {[%emt 0:00:05]} 6. bxc3 {[%emt 0:00:10]} Bg7 {[%emt 0:00:06]} 7. Be3 {[%emt 0:00:07]} c5 {[%emt 0:00:05]} 8. Qd2 {[%emt 0:00:04]} Qa5 {[%emt 0:00:42]} 9. Rc1 {[%emt 0:00:08]} O-O {[%emt 0:00:22]} 10. Nf3 {[%emt 0:00:12]} Bg4 {[%emt 0:00:07]} 11. d5 {[%emt 0:06:21]} b5 {[%emt 0:00:18]} 12. Bxc5 {[%emt 0:07:28]} Rc8 {[%emt 0:00:17]} 13. Bd4 {[%emt 0:05:08]} Bxf3 {[%emt 0:03:13]} 14. gxf3 {[%emt 0:01:07]} Bxd4 {[%emt 0:00:13]} 15. Qxd4 {[%emt 0:00:12]} Qxa2 {[%emt 0:00:15]} 16. Bd3 {[%emt 0:06:32]} Nd7 {[%emt 0:18:01]} 17. O-O {[%emt 0:01:40]} Nc5 {[%emt 0:01:32]} 18. Qe3 {[%emt 0:11:58]} a6 {[%emt 0:25:00]} 19. Rfd1 {[%emt 0:11:07]} Na4 {[%emt 0:10:46]} 20. c4 {[%emt 0:06:08]} bxc4 {[%emt 0:02:41]} 21. Bf1 {[%emt 0:01:31]} Qb3 {[%emt 0:11:33]} 22. Qd4 {[%emt 0:04:20]} c3 {[%emt 0:01:22]} 23. Bh3 {[%emt 0:05:31]} c2 {[%emt 0:03:04]} 24. Rd2 {[%emt 0:03:05]} Rc4 {[%emt 0:01:33]} 25. Qe3 {[%emt 0:01:37]} Rc3 {[%emt 0:01:33]} 26. Qe2 {[%emt 0:00:29]} Rxf3 {[%emt 0:01:42]} 27. Bg2 {[%emt 0:00:41]} Rc3 {[%emt 0:01:16]} 28. Rdxc2 {[%emt 0:00:11]} Rac8 {[%emt 0:00:32]} 29. Rxc3 {[%emt 0:04:41]} Nxc3 {[%emt 0:00:12]} 30. Rxc3 {[%emt 0:00:08]} Rxc3 {[%emt 0:00:56]} 31. Qd1 {[%emt 0:00:09]} Qxd1+ {[%emt 0:00:06]} 32. Bf1 {[%emt 0:00:04]} Qg4+ {[%emt 0:00:06]} 33. Bg2 {[%emt 0:00:03]} Rc1# 0-1

[Event "ChessHouse GM December 2020"]
[Site "Aarhus"]
[Date "2020.12.03"]
[Round "7.2"]
[White "Olsen, Filip Boe"]
[Black "Bjerre, Jonas Buhl"]
[Result "1/2-1/2"]
[WhiteElo "2354"]
[BlackElo "2551"]
[Annotator "ChessBase"]
[PlyCount "47"]
[EventDate "2020.11.29"]
[EventType "tourn"]
[EventCountry "DEN"]
[SourceTitle "playchess.com"]
[Source "ChessBase"]
[SourceQuality "1"]
[TimeControl "40/5400+30:1800+30"]

1. d4 {[%emt 0:00:00]} Nf6 {[%emt 0:00:00]} 2. c4 {[%emt 0:00:00]} e6 {[%emt 0:00:00]} 3. Nc3 {[%emt 0:00:00]} Bb4 {[%emt 0:00:00]} 4. e3 {[%emt 0:00:05]} O-O {[%emt 0:00:15]} 5. Bd3 {[%emt 0:00:10]} c5 {[%emt 0:00:33]} 6. Nf3 {[%emt 0:00:13]} b6 {[%emt 0:00:31]} 7. O-O {[%emt 0:00:43]} Bxc3 {[%emt 0:00:32]} 8. bxc3 {[%emt 0:00:03]} Bb7 {[%emt 0:00:18]} 9. Qe2 {[%emt 0:04:25]} Be4 {[%emt 0:06:04]} 10. Nd2 {[%emt 0:07:13]} Bxd3 {[%emt 0:02:46]} 11. Qxd3 {[%emt 0:00:03]} d5 {[%emt 0:03:48]} 12. cxd5 {[%emt 0:02:53]} exd5 {[%emt 0:02:48]} 13. f3 {[%emt 0:05:03]} Nc6 {[%emt 0:04:35]} 14. Bb2 {[%emt 0:01:57]} Rc8 {[%emt 0:03:11]} 15. a3 {[%emt 0:07:04]} Qd7 {[%emt 0:04:42]} 16. e4 {[%emt 0:08:19]} cxd4 {[%emt 0:11:43]} 17. cxd4 {[%emt 0:00:19]} dxe4 {[%emt 0:02:10]} 18. fxe4 {[%emt 0:03:41]} Ne5 {[%emt 0:05:26]} 19. Qb3 {[%emt 0:01:29]} Ng6 {[%emt 0:03:32]} 20. Rae1 {[%emt 0:04:45]} Qc6 {[%emt 0:08:01]} 21. Rc1 {[%emt 0:03:38]} Qb7 {[%emt 0:05:08]} 22. Rce1 {[%emt 0:01:43]} Qc6 {[%emt 0:11:13]} 23. Rc1 {[%emt 0:00:12]} Qb7 {[%emt 0:03:51]} 24. Rce1 {[%emt 0:00:09]} 1/2-1/2

[Event "ChessHouse GM December 2020"]
[Site "Aarhus"]
[Date "2020.12.03"]
[Round "7.3"]
[White "Haubro, Martin"]
[Black "Ramsdal, Jens Albert"]
[Result "0-1"]
[WhiteElo "2434"]
[BlackElo "2292"]
[Annotator "ChessBase"]
[PlyCount "76"]
[EventDate "2020.11.29"]
[EventType "tourn"]
[EventCountry "DEN"]
[SourceTitle "playchess.com"]
[Source "ChessBase"]
[SourceQuality "1"]
[TimeControl "40/5400+30:1800+30"]

1. e4 {[%emt 0:00:00]} c5 {[%emt 0:00:00]} 2. Nf3 {[%emt 0:00:00]} d6 {[%emt 0:00:00]} 3. d4 {[%emt 0:01:52]} cxd4 {[%emt 0:00:00]} 4. Nxd4 {[%emt 0:00:03]} Nf6 {[%emt 0:00:03]} 5. Nc3 {[%emt 0:00:02]} Nc6 {[%emt 0:00:07]} 6. Bg5 {[%emt 0:00:04]} e6 {[%emt 0:00:27]} 7. Qd2 {[%emt 0:00:05]} a6 {[%emt 0:00:14]} 8. O-O-O {[%emt 0:04:23]} Bd7 {[%emt 0:00:08]} 9. f4 {[%emt 0:00:52]} h6 {[%emt 0:00:05]} 10. Bxf6 {[%emt 0:01:09]} Qxf6 {[%emt 0:01:10]} 11. Nf3 {[%emt 0:16:33]} Qd8 {[%emt 0:01:19]} 12. Kb1 {[%emt 0:00:23]} Be7 {[%emt 0:01:58]} 13. Bd3 {[%emt 0:02:35]} Qb6 {[%emt 0:06:00]} 14. Rhe1 {[%emt 0:03:41]} O-O-O {[%emt 0:00:47]} 15. Qc1 {[%emt 0:07:41]} Rhe8 {[%emt 0:03:06]} 16. Nd2 {[%emt 0:00:09]} Na5 {[%emt 0:06:28]} 17. Nc4 {[%emt 0:10:57]} Nxc4 {[%emt 0:01:48]} 18. Bxc4 {[%emt 0:00:03]} Kb8 {[%emt 0:00:34]} 19. Bb3 {[%emt 0:00:18]} h5 {[%emt 0:18:17]} 20. Rd3 {[%emt 0:00:26]} h4 {[%emt 0:04:00]} 21. Qd2 {[%emt 0:05:02]} Rh8 {[%emt 0:04:13]} 22. Nd1 {[%emt 0:04:50]} Bc6 {[%emt 0:10:27]} 23. Rd4 {[%emt 0:12:54]} g5 {[%emt 0:05:05]} 24. f5 {[%emt 0:02:04]} Bf6 {[%emt 0:02:30]} 25. Rd3 {[%emt 0:07:55]} Bb5 {[%emt 0:12:00]} 26. Rde3 {[%emt 0:00:48]} Be5 {[%emt 0:03:22]} 27. a4 {[%emt 0:04:12]} Bd7 {[%emt 0:00:34]} 28. fxe6 {[%emt 0:00:05]} fxe6 {[%emt 0:00:46]} 29. g3 {[%emt 0:00:12]} Rdf8 {[%emt 0:00:57]} 30. Rd3 {[%emt 0:00:29]} hxg3 {[%emt 0:01:38]} 31. hxg3 {[%emt 0:00:09]} Qd8 {[%emt 0:03:43]} 32. Qe2 {[%emt 0:01:26]} Qa5 {[%emt 0:02:08]} 33. Rg1 {[%emt 0:01:52]} Bxa4 {[%emt 0:01:15]} 34. Bxe6 {[%emt 0:00:05]} Bb5 {[%emt 0:00:55]} 35. c4 {[%emt 0:00:15]} Ba4 {[%emt 0:01:26]} 36. Bf5 {[%emt 0:07:13]} Rh6 {[%emt 0:05:07]} 37. Ra3 {[%emt 0:02:50]} Rfh8 {[%emt 0:02:33]} 38. Bd7 {[%emt 0:02:49]} Qc5 {[%emt 0:01:12]} 0-1

[Event "ChessHouse GM December 2020"]
[Site "Aarhus"]
[Date "2020.12.03"]
[Round "7.4"]
[White "Georgescu, Lena"]
[Black "Grigorian, Spartak"]
[Result "0-1"]
[WhiteElo "2278"]
[BlackElo "2433"]
[Annotator "TA"]
[PlyCount "172"]
[EventDate "2020.11.29"]
[EventType "tourn"]
[EventCountry "DEN"]
[SourceTitle "playchess.com"]
[Source "ChessBase"]
[SourceQuality "1"]

{[%evp 15,172,24,49,44,202,195,201,-23,-33,-125,-83,-106,-84,-89,-9,-62,-60,-80,-63,-122,-79,-43,0,0,45,-6,97,0,110,-6,87,85,154,90,123,84,87,84,85,99,84,68,97,72,72,70,66,38,72,30,48,31,64,46,76,64,67,67,99,67,69,67,64,25,45,-8,-7,-18,24,23,42,35,46,52,60,0,0,-26,33,11,7,18,33,33,34,34,44,17,45,0,0,0,39,0,39,0,0,0,39,0,17,0,0,0,0,0,0,0,0,-118,-118,-112,0,-413,-406,-393,-130,-125,0,0,0,0,0,-181,-194,-205,-197,-185,-178,-404,-389,-362,-371,-307,-229,-935,-935,-935,-717,-1480,-1479,-1335,-1295,-1165,-1081,-950,-912,-4618,-4268,-4133,-2707,-2419,-2210,-1858,-1809,-1693,-1665,-1359,-1213]} 1. e4 c5 2. Nf3 d6 3. d4 cxd4 4. Nxd4 Nf6 5. Nc3 a6 6. Be2 e6 7. Be3 {7.f4 is the modern continuation.} Be7 8. Qd2 b5 9. Bf3 {Threatens to win with e5! B84: Sicilian Scheveningen: 6 Be2 a6, lines without early Be3.} Nfd7 $2 (9... b4 $14) 10. e5 $18 d5 {[#]} 11. Bf4 $146 (11. Nf5 $1 $18 {[%cal Rf5g7]} Nxe5 12. Nxg7+ Kf8 13. Bh6) ({Predecessor:} 11. Nf5 Bf8 12. Nxd5 Nxe5 13. Nb6 Qxd2+ 14. Bxd2 Nxf3+ 15. gxf3 Ra7 16. Nxc8 Rd7 17. Ng3 Rc7 18. Nb6 Bc5 19. Bf4 e5 20. Nd5 Rd7 21. Bxe5 Nc6 22. Bxg7 {1-0 (22) Munguntuul,B (2426)-Voit,D (2339) Moscow 2015}) 11... Bb7 $11 12. O-O-O ({Better is} 12. O-O $15) 12... Nb6 $1 $17 13. Kb1 N8d7 {[%cal Bb8d7,Bd7c5,Bc5e4][%mdl 32]} 14. b3 Qc7 (14... b4 $17 15. Nce2 g5) 15. Qe3 (15. Nf5 $1 $11) 15... O-O $15 (15... b4 $5 16. Nce2 $8 O-O $11) 16. h4 Rfc8 17. Nce2 Nc5 18. g4 Ne4 19. g5 Bc5 20. Rc1 (20. h5 $14) 20... Ba3 (20... b4 $11 {remains equal.}) 21. Rcd1 (21. Rcg1 $1 $16) 21... Rab8 (21... Bc5 $1 $11) 22. Ka1 (22. h5 $1 $16) 22... Nd7 (22... Bb4 $1 $11) 23. h5 $1 $16 Nf8 ({Black should try} 23... Nc3) 24. Bg4 (24. g6 $142 $1) 24... Qa5 25. f3 Nc3 26. Nxc3 Qxc3+ 27. Qxc3 Rxc3 28. Kb1 Rc7 29. Rh2 Bc5 30. Be3 Bc8 31. f4 Bd7 32. Rg2 Re8 33. Bh3 Bc8 34. Kb2 Ba7 35. Bg1 g6 36. Bg4 Kg7 37. h6+ Kg8 38. Rgd2 Nd7 39. Bf2 Nc5 {Black wants to play ...Ne4.} 40. Be3 (40. Bf3 $14) 40... Ne4 41. Rg2 Bd7 42. a3 Rec8 43. Bf3 Rc3 44. Rd3 R3c7 45. Rd1 ({White should play} 45. Bxe4 $14 dxe4 46. Rdd2) 45... Nc3 (45... Rc3 $5 46. Rd3 $8 Rxd3 47. cxd3 Nc5 $14) 46. Ra1 {[#]} Kf8 (46... Na4+ $1 $11 {[%mdl 512]} 47. bxa4 Rc3) 47. Rc1 Ke8 48. Be2 Ne4 49. Bd3 Nc5 50. Rd1 Bb6 51. Rf2 Ba5 52. Bd2 Bb6 53. Be3 Rb8 54. Rg2 Ba5 55. Bd2 Bb6 56. Be3 Ba7 57. Rf2 a5 58. Rg2 b4 59. a4 $1 Bxa4 60. bxa4 Nxa4+ 61. Ka1 {Bb5+ is the strong threat. Cut Off at move 61} Rc3 62. Bb5+ (62. Rf1 $11) 62... Rxb5 $1 $17 63. Nxb5 Rxe3 (63... Bxe3 $17 64. Nxc3 Nxc3) 64. Rd3 $2 {[%mdl 8192]} (64. Nxa7 $2 Ra3+ 65. Kb1 Nc3+ 66. Kb2 Nxd1+ 67. Kc1 Ra1+ 68. Kd2 a4 $19) (64. c4 $1 $11 {and White has nothing to worry.}) 64... Re1+ $19 65. Ka2 Bc5 $2 (65... Be3 $19 66. Nd6+ Ke7) 66. c3 $17 Nb6 (66... Rf1 $17 {Hoping for ...bxc3.} 67. cxb4 Bxb4) 67. cxb4 $11 Bxb4 68. Rc2 Nc4 69. Nd6+ $2 {White is on the road to losing.} (69. Nc7+ $11 {and White stays safe.} Ke7 70. Na6) 69... Bxd6 $19 ({Resist} 69... Nxd6 70. exd6 Bxd6 71. Rb3 $11) 70. exd6 {[%mdl 4096] Endgame [#] KRR-KRN} a4 $1 ({Weaker is} 70... Nxd6 71. Ra3 $11) 71. Rd4 Kd7 ({Worse is} 71... Nxd6 72. Rxa4 Rf1 73. Ra8+ Kd7 74. Ra7+ Kd8 75. Rcc7 $14) 72. Rcxc4 $2 (72. Rc3) 72... dxc4 73. Rxc4 Kxd6 74. Rxa4 {KR-KR} Rf1 75. Ra8 $2 (75. Rd4+ Ke7 76. Re4) 75... Rxf4 {Black is clearly winning.} 76. Rh8 Rf5 77. Rxh7 Ke7 78. Kb3 Rxg5 79. Kc4 Rh5 80. Kd4 e5+ 81. Ke4 Ke6 {( -> ...Rh3)} 82. Rh8 Rh4+ 83. Kf3 Kf5 84. Rh7 f6 85. Rh8 g5 86. h7 Kg6 {Weighted Error Value: White=0.30/Black=0.32} 0-1